000 00772nam a22002297a 4500
999 _c20203
_d20203
003 AR-CdUCM
008 190514b ||||| |||| 00| 0 spa d
040 _aMUNICIPALIDAD PROVINCIAL DEL CUSCO
_cBIBLIOTECA MUNICIPAL DEL CUSCO
082 _a372.5 /
_bG37
100 _aGesell, Arnold
_939088
245 _aEl adolescente de 10 a 16 años /
260 _aBuenos Aires :
_bPaidos,
_c1956.
300 _a534 paginas ;
_c25 cm.
_bCuadros,
505 _aContenido : Orientación -- El desarrollo -- Individualidad -- Perfiles y rasgos de madurez...
650 _aCrecimiento
_96856
650 _aMadurez
_942226
650 _aVisión filosófica
_942227
700 _aIlg, Frances L.
_942228
700 _aBates Ames, Louise
_942229
942 _2ddc
_cLIBROS
945 _arcc